<?xml version="1.0" encoding="UTF-8"?>
<record
    xmlns:xsi="http://www.w3.org/2001/XMLSchema-instance"
    xsi:schemaLocation="http://www.loc.gov/MARC21/slim http://www.loc.gov/standards/marcxml/schema/MARC21slim.xsd"
    xmlns="http://www.loc.gov/MARC21/slim">

  <leader>01816nam a22002417a 4500</leader>
  <controlfield tag="003">OSt</controlfield>
  <controlfield tag="005">20211007133717.0</controlfield>
  <controlfield tag="008">190722b        xxu||||| |||| 00| 0 eng d</controlfield>
  <datafield tag="020" ind1=" " ind2=" ">
    <subfield code="a">9780078025532</subfield>
  </datafield>
  <datafield tag="020" ind1=" " ind2=" ">
    <subfield code="a">0078025532</subfield>
  </datafield>
  <datafield tag="040" ind1=" " ind2=" ">
    <subfield code="c">LC</subfield>
  </datafield>
  <datafield tag="050" ind1=" " ind2=" ">
    <subfield code="a">HF5686.C8 B559(6e)</subfield>
  </datafield>
  <datafield tag="100" ind1=" " ind2=" ">
    <subfield code="a">Blocher, Edward J.</subfield>
  </datafield>
  <datafield tag="245" ind1=" " ind2=" ">
    <subfield code="a">Cost management: a strategic emphasis. /</subfield>
    <subfield code="c">Edward J. Blocher , David E. Stout and Paul E. Juras.</subfield>
  </datafield>
  <datafield tag="250" ind1=" " ind2=" ">
    <subfield code="a">6th edition.</subfield>
  </datafield>
  <datafield tag="260" ind1=" " ind2=" ">
    <subfield code="a">New York :</subfield>
    <subfield code="b">McGraw-Hill/ Irwin,</subfield>
    <subfield code="c">2013.</subfield>
  </datafield>
  <datafield tag="300" ind1=" " ind2=" ">
    <subfield code="a">xxvi, 929 p. :</subfield>
    <subfield code="b">ill. ;</subfield>
    <subfield code="c">26 cm.</subfield>
  </datafield>
  <datafield tag="505" ind1=" " ind2=" ">
    <subfield code="a">Contents: Part 1: Introduction to strategy, cost management -- Implementing strategy : the value chain, the balance scorecard, and the strategy -- Basic cost-management concepts -- Job costing -- actively-based costing and customer profitability -- Process costing -- Cost allocation: department,joint products , and by-product -- cost estimation -- Short-term profit planning: cost -volume - profit (CVP) analysis -- Strategy and the master budget -- Decision making with a strategy emphasis -- Strategy and the analysis of capital investments -- Cost planning for the product life-cycle : target costing, theory of constraints, and strategy pricing -- Operational performance :sales , direct-cost variance , and the rule of Nonfinancial performance measures -- Operational performance measurement : indirect-cost variances and resource capacity-management -- Operational performance measurement: further analysis of productivity and sales -- The management and control of quality -- Strategy performance measurement: cost centers, profit centers, and the balance scorecard -- Strategy performance measurement : investment centers               </subfield>
  </datafield>
  <datafield tag="700" ind1=" " ind2=" ">
    <subfield code="a">Stout,David E</subfield>
  </datafield>
  <datafield tag="700" ind1=" " ind2=" ">
    <subfield code="a">Cokins,Gary </subfield>
  </datafield>
  <datafield tag="700" ind1=" " ind2=" ">
    <subfield code="a">Juras,Pual E</subfield>
  </datafield>
  <datafield tag="942" ind1=" " ind2=" ">
    <subfield code="2">lcc</subfield>
    <subfield code="c">BK</subfield>
  </datafield>
  <datafield tag="999" ind1=" " ind2=" ">
    <subfield code="c">6786</subfield>
    <subfield code="d">14286</subfield>
  </datafield>
  <datafield tag="952" ind1=" " ind2=" ">
    <subfield code="0">0</subfield>
    <subfield code="1">0</subfield>
    <subfield code="2">lcc</subfield>
    <subfield code="4">0</subfield>
    <subfield code="7">0</subfield>
    <subfield code="a">WIUC-1</subfield>
    <subfield code="b">WIUC-1</subfield>
    <subfield code="c">CC</subfield>
    <subfield code="d">2019-07-22</subfield>
    <subfield code="l">0</subfield>
    <subfield code="o">HF5686.C8B559(6e)</subfield>
    <subfield code="p">905/023/19</subfield>
    <subfield code="r">2019-07-22 00:00:00</subfield>
    <subfield code="t">1</subfield>
    <subfield code="w">2019-07-22</subfield>
    <subfield code="y">BK</subfield>
  </datafield>
  <datafield tag="952" ind1=" " ind2=" ">
    <subfield code="0">0</subfield>
    <subfield code="1">0</subfield>
    <subfield code="2">lcc</subfield>
    <subfield code="4">0</subfield>
    <subfield code="7">0</subfield>
    <subfield code="a">WIUC-1</subfield>
    <subfield code="b">WIUC-1</subfield>
    <subfield code="c">REF</subfield>
    <subfield code="d">2019-07-22</subfield>
    <subfield code="l">0</subfield>
    <subfield code="o">HF5686.C8B5591(6e)</subfield>
    <subfield code="p">8409/003/19</subfield>
    <subfield code="r">2019-08-15 00:00:00</subfield>
    <subfield code="t">2</subfield>
    <subfield code="w">2019-07-22</subfield>
    <subfield code="y">BK</subfield>
  </datafield>
  <datafield tag="952" ind1=" " ind2=" ">
    <subfield code="0">0</subfield>
    <subfield code="1">0</subfield>
    <subfield code="2">lcc</subfield>
    <subfield code="4">0</subfield>
    <subfield code="7">0</subfield>
    <subfield code="a">WIUC-1</subfield>
    <subfield code="b">WIUC-1</subfield>
    <subfield code="c">REF</subfield>
    <subfield code="d">2019-07-22</subfield>
    <subfield code="l">0</subfield>
    <subfield code="o">HF5686.C8B5592(6e)</subfield>
    <subfield code="p">8410/004/19</subfield>
    <subfield code="r">2019-08-15 00:00:00</subfield>
    <subfield code="t">3</subfield>
    <subfield code="w">2019-07-22</subfield>
    <subfield code="y">BK</subfield>
  </datafield>
  <datafield tag="952" ind1=" " ind2=" ">
    <subfield code="0">0</subfield>
    <subfield code="1">0</subfield>
    <subfield code="2">lcc</subfield>
    <subfield code="4">0</subfield>
    <subfield code="7">0</subfield>
    <subfield code="a">WIUC-KL</subfield>
    <subfield code="b">WIUC-KL</subfield>
    <subfield code="c">GEN</subfield>
    <subfield code="d">2019-11-04</subfield>
    <subfield code="o">HF5686.C8.B55(6e)</subfield>
    <subfield code="p">K/1179/1179/19</subfield>
    <subfield code="r">2021-10-07 00:00:00</subfield>
    <subfield code="t">1</subfield>
    <subfield code="w">2021-10-07</subfield>
    <subfield code="y">BK</subfield>
  </datafield>
  <datafield tag="952" ind1=" " ind2=" ">
    <subfield code="0">0</subfield>
    <subfield code="1">0</subfield>
    <subfield code="2">lcc</subfield>
    <subfield code="4">0</subfield>
    <subfield code="7">0</subfield>
    <subfield code="a">WIUC-KL</subfield>
    <subfield code="b">WIUC-KL</subfield>
    <subfield code="c">GEN</subfield>
    <subfield code="d">2019-11-04</subfield>
    <subfield code="o">HF5686.C8.B551(6e)</subfield>
    <subfield code="p">K/1180/1180/19</subfield>
    <subfield code="r">2021-10-07 00:00:00</subfield>
    <subfield code="t">2</subfield>
    <subfield code="w">2021-10-07</subfield>
    <subfield code="y">BK</subfield>
  </datafield>
  <datafield tag="952" ind1=" " ind2=" ">
    <subfield code="0">0</subfield>
    <subfield code="1">0</subfield>
    <subfield code="2">lcc</subfield>
    <subfield code="4">0</subfield>
    <subfield code="7">0</subfield>
    <subfield code="a">WIUC-KL</subfield>
    <subfield code="b">WIUC-KL</subfield>
    <subfield code="c">GEN</subfield>
    <subfield code="d">2019-11-04</subfield>
    <subfield code="o">HF5686.C8.B552(6e)</subfield>
    <subfield code="p">K/1181/1181/19</subfield>
    <subfield code="r">2021-10-07 00:00:00</subfield>
    <subfield code="t">3</subfield>
    <subfield code="w">2021-10-07</subfield>
    <subfield code="y">BK</subfield>
  </datafield>
  <datafield tag="952" ind1=" " ind2=" ">
    <subfield code="0">0</subfield>
    <subfield code="1">0</subfield>
    <subfield code="2">lcc</subfield>
    <subfield code="4">0</subfield>
    <subfield code="7">0</subfield>
    <subfield code="a">WIUC-KL</subfield>
    <subfield code="b">WIUC-KL</subfield>
    <subfield code="c">GEN</subfield>
    <subfield code="d">2019-11-04</subfield>
    <subfield code="o">HF5686.C8.B553(6e)</subfield>
    <subfield code="p">K/1182/1182/19</subfield>
    <subfield code="r">2021-10-07 00:00:00</subfield>
    <subfield code="t">4</subfield>
    <subfield code="w">2021-10-07</subfield>
    <subfield code="y">BK</subfield>
  </datafield>
  <datafield tag="952" ind1=" " ind2=" ">
    <subfield code="0">0</subfield>
    <subfield code="1">0</subfield>
    <subfield code="2">lcc</subfield>
    <subfield code="4">0</subfield>
    <subfield code="7">0</subfield>
    <subfield code="a">WIUC-KL</subfield>
    <subfield code="b">WIUC-KL</subfield>
    <subfield code="c">GEN</subfield>
    <subfield code="d">2019-11-04</subfield>
    <subfield code="o">HF5686.C8.B554(6e)</subfield>
    <subfield code="p">K/1183/1183/19</subfield>
    <subfield code="r">2021-10-07 00:00:00</subfield>
    <subfield code="t">5</subfield>
    <subfield code="w">2021-10-07</subfield>
    <subfield code="y">BK</subfield>
  </datafield>
  <datafield tag="952" ind1=" " ind2=" ">
    <subfield code="0">0</subfield>
    <subfield code="1">0</subfield>
    <subfield code="2">lcc</subfield>
    <subfield code="4">0</subfield>
    <subfield code="7">0</subfield>
    <subfield code="a">WIUC-KL</subfield>
    <subfield code="b">WIUC-KL</subfield>
    <subfield code="c">GEN</subfield>
    <subfield code="d">2019-11-04</subfield>
    <subfield code="o">HF5686.C8.B555(6e)</subfield>
    <subfield code="p">K/1184/1184/19</subfield>
    <subfield code="r">2021-10-07 00:00:00</subfield>
    <subfield code="t">6</subfield>
    <subfield code="w">2021-10-07</subfield>
    <subfield code="y">BK</subfield>
  </datafield>
  <datafield tag="952" ind1=" " ind2=" ">
    <subfield code="0">0</subfield>
    <subfield code="1">0</subfield>
    <subfield code="2">lcc</subfield>
    <subfield code="4">0</subfield>
    <subfield code="7">0</subfield>
    <subfield code="a">WIUC-KL</subfield>
    <subfield code="b">WIUC-KL</subfield>
    <subfield code="c">GEN</subfield>
    <subfield code="d">2019-11-04</subfield>
    <subfield code="o">HF5686.C8.B556(6e)</subfield>
    <subfield code="p">K/1185/1185/19</subfield>
    <subfield code="r">2021-10-07 00:00:00</subfield>
    <subfield code="t">7</subfield>
    <subfield code="w">2021-10-07</subfield>
    <subfield code="y">BK</subfield>
  </datafield>
  <datafield tag="952" ind1=" " ind2=" ">
    <subfield code="0">0</subfield>
    <subfield code="1">0</subfield>
    <subfield code="2">lcc</subfield>
    <subfield code="4">0</subfield>
    <subfield code="7">0</subfield>
    <subfield code="a">WIUC-KL</subfield>
    <subfield code="b">WIUC-KL</subfield>
    <subfield code="c">GEN</subfield>
    <subfield code="d">2019-11-04</subfield>
    <subfield code="o">HF5686.C8.B557(6e)</subfield>
    <subfield code="p">K/1186/1186/19</subfield>
    <subfield code="r">2021-10-07 00:00:00</subfield>
    <subfield code="t">8</subfield>
    <subfield code="w">2021-10-07</subfield>
    <subfield code="y">BK</subfield>
  </datafield>
  <datafield tag="952" ind1=" " ind2=" ">
    <subfield code="0">0</subfield>
    <subfield code="1">0</subfield>
    <subfield code="2">lcc</subfield>
    <subfield code="4">0</subfield>
    <subfield code="7">0</subfield>
    <subfield code="a">WIUC-KL</subfield>
    <subfield code="b">WIUC-KL</subfield>
    <subfield code="c">GEN</subfield>
    <subfield code="d">2019-11-04</subfield>
    <subfield code="o">HF5686.C8.B558(6e)</subfield>
    <subfield code="p">K/1187/1187/19</subfield>
    <subfield code="r">2021-10-07 00:00:00</subfield>
    <subfield code="t">9</subfield>
    <subfield code="w">2021-10-07</subfield>
    <subfield code="y">BK</subfield>
  </datafield>
  <datafield tag="952" ind1=" " ind2=" ">
    <subfield code="0">0</subfield>
    <subfield code="1">0</subfield>
    <subfield code="2">lcc</subfield>
    <subfield code="4">0</subfield>
    <subfield code="7">0</subfield>
    <subfield code="a">WIUC-KL</subfield>
    <subfield code="b">WIUC-KL</subfield>
    <subfield code="c">GEN</subfield>
    <subfield code="d">2019-11-04</subfield>
    <subfield code="o">HF5686.C8.B559(6e)</subfield>
    <subfield code="p">K/1188/1188/19</subfield>
    <subfield code="r">2021-10-07 00:00:00</subfield>
    <subfield code="t">10</subfield>
    <subfield code="w">2021-10-07</subfield>
    <subfield code="y">BK</subfield>
  </datafield>
  <datafield tag="952" ind1=" " ind2=" ">
    <subfield code="0">0</subfield>
    <subfield code="1">0</subfield>
    <subfield code="2">lcc</subfield>
    <subfield code="4">0</subfield>
    <subfield code="7">0</subfield>
    <subfield code="a">WIUC-KL</subfield>
    <subfield code="b">WIUC-KL</subfield>
    <subfield code="c">GEN</subfield>
    <subfield code="d">2019-11-04</subfield>
    <subfield code="o">HF5686.C8.B560(6e)</subfield>
    <subfield code="p">K/1189/1189/19</subfield>
    <subfield code="r">2021-10-07 00:00:00</subfield>
    <subfield code="t">11</subfield>
    <subfield code="w">2021-10-07</subfield>
    <subfield code="y">BK</subfield>
  </datafield>
  <datafield tag="952" ind1=" " ind2=" ">
    <subfield code="0">0</subfield>
    <subfield code="1">0</subfield>
    <subfield code="2">lcc</subfield>
    <subfield code="4">0</subfield>
    <subfield code="7">0</subfield>
    <subfield code="a">WIUC-KL</subfield>
    <subfield code="b">WIUC-KL</subfield>
    <subfield code="c">GEN</subfield>
    <subfield code="d">2019-11-04</subfield>
    <subfield code="o">HF5686.C8.B561(6e)</subfield>
    <subfield code="p">K/1190/1190/19</subfield>
    <subfield code="r">2021-10-07 00:00:00</subfield>
    <subfield code="t">12</subfield>
    <subfield code="w">2021-10-07</subfield>
    <subfield code="y">BK</subfield>
  </datafield>
  <datafield tag="952" ind1=" " ind2=" ">
    <subfield code="0">0</subfield>
    <subfield code="1">0</subfield>
    <subfield code="2">lcc</subfield>
    <subfield code="4">0</subfield>
    <subfield code="7">0</subfield>
    <subfield code="a">WIUC-KL</subfield>
    <subfield code="b">WIUC-KL</subfield>
    <subfield code="c">GEN</subfield>
    <subfield code="d">2019-11-04</subfield>
    <subfield code="o">HF5686.C8.B562(6e)</subfield>
    <subfield code="p">K/1191/1191/19</subfield>
    <subfield code="r">2021-10-07 00:00:00</subfield>
    <subfield code="t">13</subfield>
    <subfield code="w">2021-10-07</subfield>
    <subfield code="y">BK</subfield>
  </datafield>
  <datafield tag="952" ind1=" " ind2=" ">
    <subfield code="0">0</subfield>
    <subfield code="1">0</subfield>
    <subfield code="2">lcc</subfield>
    <subfield code="4">0</subfield>
    <subfield code="7">0</subfield>
    <subfield code="a">WIUC-KL</subfield>
    <subfield code="b">WIUC-KL</subfield>
    <subfield code="c">GEN</subfield>
    <subfield code="d">2019-11-04</subfield>
    <subfield code="o">HF5686.C8.B563(6e)</subfield>
    <subfield code="p">K/1192/1192/19</subfield>
    <subfield code="r">2021-10-07 00:00:00</subfield>
    <subfield code="t">14</subfield>
    <subfield code="w">2021-10-07</subfield>
    <subfield code="y">BK</subfield>
  </datafield>
  <datafield tag="952" ind1=" " ind2=" ">
    <subfield code="0">0</subfield>
    <subfield code="1">0</subfield>
    <subfield code="2">lcc</subfield>
    <subfield code="4">0</subfield>
    <subfield code="7">0</subfield>
    <subfield code="a">WIUC-KL</subfield>
    <subfield code="b">WIUC-KL</subfield>
    <subfield code="c">GEN</subfield>
    <subfield code="d">2019-11-04</subfield>
    <subfield code="o">HF5686.C8.B564(6e)</subfield>
    <subfield code="p">K/1193/1193/19</subfield>
    <subfield code="r">2021-10-07 00:00:00</subfield>
    <subfield code="t">15</subfield>
    <subfield code="w">2021-10-07</subfield>
    <subfield code="y">BK</subfield>
  </datafield>
  <datafield tag="952" ind1=" " ind2=" ">
    <subfield code="0">0</subfield>
    <subfield code="1">0</subfield>
    <subfield code="2">lcc</subfield>
    <subfield code="4">0</subfield>
    <subfield code="7">0</subfield>
    <subfield code="a">WIUC-KL</subfield>
    <subfield code="b">WIUC-KL</subfield>
    <subfield code="c">GEN</subfield>
    <subfield code="d">2019-11-04</subfield>
    <subfield code="o">HF5686.C8.B565(6e)</subfield>
    <subfield code="p">K/1194/1194/19</subfield>
    <subfield code="r">2021-10-07 00:00:00</subfield>
    <subfield code="t">16</subfield>
    <subfield code="w">2021-10-07</subfield>
    <subfield code="y">BK</subfield>
  </datafield>
  <datafield tag="952" ind1=" " ind2=" ">
    <subfield code="0">0</subfield>
    <subfield code="1">0</subfield>
    <subfield code="2">lcc</subfield>
    <subfield code="4">0</subfield>
    <subfield code="7">0</subfield>
    <subfield code="a">WIUC-KL</subfield>
    <subfield code="b">WIUC-KL</subfield>
    <subfield code="c">GEN</subfield>
    <subfield code="d">2019-11-04</subfield>
    <subfield code="o">HF5686.C8.B566(6e)</subfield>
    <subfield code="p">K/1195/1195/19</subfield>
    <subfield code="r">2021-10-07 00:00:00</subfield>
    <subfield code="t">17</subfield>
    <subfield code="w">2021-10-07</subfield>
    <subfield code="y">BK</subfield>
  </datafield>
  <datafield tag="952" ind1=" " ind2=" ">
    <subfield code="0">0</subfield>
    <subfield code="1">0</subfield>
    <subfield code="2">lcc</subfield>
    <subfield code="4">0</subfield>
    <subfield code="7">0</subfield>
    <subfield code="a">WIUC-KL</subfield>
    <subfield code="b">WIUC-KL</subfield>
    <subfield code="c">GEN</subfield>
    <subfield code="d">2019-11-04</subfield>
    <subfield code="o">HF5686.C8.B567(6e)</subfield>
    <subfield code="p">K/1196/1196/19</subfield>
    <subfield code="r">2021-10-07 00:00:00</subfield>
    <subfield code="t">18</subfield>
    <subfield code="w">2021-10-07</subfield>
    <subfield code="y">BK</subfield>
  </datafield>
  <datafield tag="952" ind1=" " ind2=" ">
    <subfield code="0">0</subfield>
    <subfield code="1">0</subfield>
    <subfield code="2">lcc</subfield>
    <subfield code="4">0</subfield>
    <subfield code="7">0</subfield>
    <subfield code="a">WIUC-KL</subfield>
    <subfield code="b">WIUC-KL</subfield>
    <subfield code="c">GEN</subfield>
    <subfield code="d">2019-11-04</subfield>
    <subfield code="o">HF5686.C8.B568(6e)</subfield>
    <subfield code="p">K/1197/1197/19</subfield>
    <subfield code="r">2021-10-07 00:00:00</subfield>
    <subfield code="t">19</subfield>
    <subfield code="w">2021-10-07</subfield>
    <subfield code="y">BK</subfield>
  </datafield>
  <datafield tag="952" ind1=" " ind2=" ">
    <subfield code="0">0</subfield>
    <subfield code="1">0</subfield>
    <subfield code="2">lcc</subfield>
    <subfield code="4">0</subfield>
    <subfield code="7">0</subfield>
    <subfield code="a">WIUC-KL</subfield>
    <subfield code="b">WIUC-KL</subfield>
    <subfield code="c">GEN</subfield>
    <subfield code="d">2019-11-04</subfield>
    <subfield code="o">HF5686.C8.B569(6e)</subfield>
    <subfield code="p">K/1198/1198/19</subfield>
    <subfield code="r">2021-10-07 00:00:00</subfield>
    <subfield code="t">20</subfield>
    <subfield code="w">2021-10-07</subfield>
    <subfield code="y">BK</subfield>
  </datafield>
  <datafield tag="952" ind1=" " ind2=" ">
    <subfield code="0">0</subfield>
    <subfield code="1">0</subfield>
    <subfield code="2">lcc</subfield>
    <subfield code="4">0</subfield>
    <subfield code="7">0</subfield>
    <subfield code="a">WIUC-KL</subfield>
    <subfield code="b">WIUC-KL</subfield>
    <subfield code="c">GEN</subfield>
    <subfield code="d">2019-10-28</subfield>
    <subfield code="l">0</subfield>
    <subfield code="o">HF5686.C8.B570(6e)</subfield>
    <subfield code="p">K/815/815/19</subfield>
    <subfield code="r">2021-10-08 00:00:00</subfield>
    <subfield code="t">21</subfield>
    <subfield code="w">2021-10-07</subfield>
    <subfield code="y">BK</subfield>
  </datafield>
</record>
